| 000 | 00514nam a22001697a 4500 | ||
|---|---|---|---|
| 005 | 20260429085229.0 | ||
| 008 | 260429b |||||||| |||| 00| 0 eng d | ||
| 020 | _a978-1-5381-0192-6 | ||
| 050 | _aK 376 .H39 2020 | ||
| 100 | _aHAYDEN, KAREN E. | ||
| 245 | _aSOCIETY AND LAW | ||
| 260 |
_aLANHAM, _bROWMAN AND LITTLEFIELD., _c2020. |
||
| 300 | _aXIV, 377 P,ILL | ||
| 500 | _aINCLUDES BIBLIOGRAPHICAL REFERENCES AND INDEX. | ||
| 650 | _a1. LAW- SOCIAL ASPECTS 2. SOCIOLOGICAL JURISRUDENCE. | ||
| 942 |
_2lcc _cBK |
||
| 999 |
_c217065 _d217065 |
||